ARTYŚCI WYSTĘPUJĄCY NA ULICACH MIAST - Statystyki

Ogólne statystyki
  • Ten quiz został rozwiązany 7 razy
  • Średni wynik to 3 z 5
Statystyki odpowiedzi
Hint Odpowiedź % Poprawnych
1. MUZYCY
100%
3. TANCERZE
75%
2. MALARZE
50%
4. MIMOWIE
50%
5. MAGICY
25%
Nie znaleziono quizów pasujących do podanych kryteriów
Rozkład punktacji
Procent ludzi z każdym wynikiem
Percentyl według liczby udzielonych odpowiedzi
Twoja historia wyników
Nie rozwiązałeś tego quizu